Природные ресурсы и окружающая среда России: аналитический доклад

Bibliographische Detailangaben
Körperschaften: Природные ресурсы (НИА-Природа), Российское экологическое федеральное информационное агентство (РЭФИА)
Weitere Verfasser: Яцкевич Б. А. (редактор), Пак В. А., Рыбальский Н. Г.
Zusammenfassung:В рассматриваемом аналитическом докладе дано развернутое исследование современного состояния важнейших элементов природно-ресурсного комплекса страны (минеральных, водных, земельных, лесных и др. видов природных активов). Рассмотрена и проанализирована динамика основных показателей и характеристик, отражающих наличие, воспроизводство, потребление и охрану указанных естественных богатств. При этом изучена как обобщенная в целом по стране, так и региональная информация. Проблема проанализирована с позиций государственного управления природно-ресурсным блоком, с учетом экономических и финансовых аспектов, совершенствования законодательства, научного обеспечения и других вопросов. Сформулированы основные задачи, методы и инструменты их решения, а также общие предложения по совершенствованию конкретных структур в различных отраслях и видах деятельности. Книга предназначена для специалистов самого широкого профиля, работающих в сфере природно-ресурсного комплекса.
Sprache:Russisch
Veröffentlicht: Москва, Изд-во НИА-Природа и РЭФИА, 2001
Schlagworte:
Format: MixedMaterials Buch
KOHA link:https://koha.lib.tpu.ru/cgi-bin/koha/opac-detail.pl?biblionumber=342384

MARC

LEADER 00000nam0a2200000 4500
001 342384
005 20231102005439.0
010 |a 5784400487 
035 |a (RuTPU)RU\TPU\book\371206 
090 |a 342384 
100 |a 20190204d2001 k y0rusy50 ca 
101 0 |a rus 
102 |a RU 
105 |a a z 001zy 
200 1 |a Природные ресурсы и окружающая среда России  |e аналитический доклад  |f Природные ресурсы (НИА-Природа) ; Российское экологическое федеральное информационное агентство (РЭФИА) ; под ред. Б. А. Яцкевича, В. А. Пака, Н. Г. Рыбальского 
210 |a Москва  |c Изд-во НИА-Природа и РЭФИА  |d 2001 
215 |a 572 с.  |c ил. 
320 |a Библиогр.: с. 559-570 
330 |a В рассматриваемом аналитическом докладе дано развернутое исследование современного состояния важнейших элементов природно-ресурсного комплекса страны (минеральных, водных, земельных, лесных и др. видов природных активов). Рассмотрена и проанализирована динамика основных показателей и характеристик, отражающих наличие, воспроизводство, потребление и охрану указанных естественных богатств. При этом изучена как обобщенная в целом по стране, так и региональная информация. Проблема проанализирована с позиций государственного управления природно-ресурсным блоком, с учетом экономических и финансовых аспектов, совершенствования законодательства, научного обеспечения и других вопросов. Сформулированы основные задачи, методы и инструменты их решения, а также общие предложения по совершенствованию конкретных структур в различных отраслях и видах деятельности. Книга предназначена для специалистов самого широкого профиля, работающих в сфере природно-ресурсного комплекса. 
606 1 |a Природные ресурсы  |2 stltpush  |3 (RuTPU)RU\TPU\subj\51704  |9 70272 
606 1 |a Природные ресурсы  |x Экономика  |2 stltpush  |3 (RuTPU)RU\TPU\subj\36720  |9 58004 
610 1 |a Россия 
610 1 |a окружающая среда 
610 1 |a Российская Федерация 
610 1 |a социально-экономическое развитие 
610 1 |a природно-ресурсный потенциал 
610 1 |a количественная оценка 
610 1 |a качественная оценка 
610 1 |a водные ресурсы 
610 1 |a земельные ресурсы 
610 1 |a лесные ресурсы 
610 1 |a биологические ресурсы 
610 1 |a особо охраняемые природные территории 
610 1 |a природно-климатические ресурсы 
610 1 |a государственное регулирование 
610 1 |a природопользование 
610 1 |a финансовое обеспечение 
610 1 |a нормативно-правовое обеспечение 
610 1 |a законодательное обеспечение 
610 1 |a научные исследования 
610 1 |a международное сотрудничество 
610 1 |a мониторинг 
610 1 |a информационное обеспечение 
675 |a 553.04  |v 4 
686 |a У9(2)28  |v LBC/SL-A  |2 rubbk 
702 1 |a Яцкевич  |b Б. А.  |4 340 
702 1 |a Пак  |b В. А.  |4 340 
702 1 |a Рыбальский  |b Н. Г.  |4 340 
712 0 2 |a Природные ресурсы (НИА-Природа)  |c Национальное информационное агентство  |c (Москва)  |2 stltpush  |3 (RuTPU)RU\TPU\col\2523 
712 0 2 |a Российское экологическое федеральное информационное агентство (РЭФИА)  |c (Москва)  |2 stltpush  |3 (RuTPU)RU\TPU\col\2524 
801 1 |a RU  |b 63413507  |c 20190204 
801 2 |a RU  |b 63413507  |c 20190220  |g RCR 
942 |c BK